V hlavnej úlohe modrotlač

Bibliographic Details
Main Author: Strešnáková, Zuzana (Author)
Format: Article
Language:Slovak
PhysicalDescription:Fotogr.
ISSN:1335-5457
Subjects:
Online Access:http://www.uluv.sk/sk/web/casopis-rud/archiv/rok-2016/rud-032016/v-hlavnej-ulohe-modrotlac/

MARC

LEADER 00000nab a2200000 a 4500
001 vtls011581641
003 SK-MaSNL
005 20260303084232.0
008 160926c2016 xo qr0p 000 a slo
015 |a SNBRB2015/04 
038 |a BAULUV 
040 |a BAULUV  |b slo  |c BAULUV  |e AACR2 
041 |a slo  |b eng 
044 |a xo  |c SK 
072 7 |a 74  |x Kresba. Umelecké remeslá  |2 konspekt 
080 |a 74  |2 2011 
080 |a 772.21  |2 2011 
080 |a 677.027  |2 2011 
100 1 |a Strešnáková, Zuzana  |4 aut  |9 268394 
245 1 0 |a V hlavnej úlohe modrotlač  |c Zuzana Strešnáková 
300 |b Fotogr. 
600 1 7 |a Rabada, Matej  |2 BAULUVPH  |9 548474 
600 1 7 |a Trnka, Martin  |2 BAULUVPH  |9 6709 
611 2 7 |a Trh modrotlačiarskych výrobkov  |d (2016 :  |c Gutau, Rakúsko)  |2 BAULUVPH  |9 1091927 
650 0 7 |a modrotlač  |2 BAULUVPH  |9 55006 
650 0 7 |a Blueprint  |2 BAULUVPHeng  |9 329933 
655 7 |a články z novín a časopisov  |2 SNKPH  |9 267496 
773 0 |t Remeslo, umenie, dizajn  |p RUD  |g Roč. 17, č. 3 (2016), s. 51-52  |x 1335-5457 
852 |a BAULUV  |b KIS3GCP 
856 2 |u http://www.uluv.sk/sk/web/casopis-rud/archiv/rok-2016/rud-032016/v-hlavnej-ulohe-modrotlac/ 
958 |a SK 
958 |a RBX 
999 |c 1794613  |d 1796543